000 00854nam a2200253Ia 4500
003 OSt
005 20220923230957.0
006 a|||||r|||| 00| 0
007 ta
008 220922b |||||||| |||| 00| 0 hin d
024 _a327,489
037 _cTextual
040 _aARTS
_cARTS
_bhin
041 _2hin
_ahin
082 _aO152,1:gN, Q2
100 _aअरोड़ा, हरीश, संपा.
245 0 _aउत्तरमध्यकालीन हिन्दी कविता
246 _aUttaramadhyakālīn hindī kavitā
260 _aनई दिल्ली
_b सतीश बुक डिपो
_c2012
300 _a99पृ.
_ccm.
650 _aहिन्दी कविता
942 _hO152,1:gN, Q2
_cTEXL
_2CC
999 _c388547
_d388547